000 00668nam a2200217 i 4500
001 94274
003 ES-MaACL
005 20250808062726.0
007 t|
008 050427s1985 sp ||||1| spa d
017 _aM 15910-1985
020 _a84-220-1188-3
100 1 _aLópez Trujillo, Alfonso.
_974006
245 1 0 _aCaminos de evangelización /
_cpor Alfonso López Trujillo.
260 _aMadrid :
_bLa Editorial Católica,
_c1985.
300 _aXVI, 361 p., 1 h. ;
_c20 cm.
490 1 _aBiblioteca de autores cristianos ;
_v465
830 0 0 _aBiblioteca de autores cristianos
_v465
_9178679
852 _aES-MaACL
_jJ-454
_bR.46092
999 _c94274
_d94274